Die dooies praat nie. (Record no. 766345)

MARC details
000 -LEADER
fixed length control field 01365nam a22001937a 4500
003 - CONTROL NUMBER IDENTIFIER
control field 3228
005 - DATE AND TIME OF LATEST TRANSACTION
control field 20240816150139.0
008 - FIXED-LENGTH DATA ELEMENTS--GENERAL INFORMATION
fixed length control field 240816b sa |||||d|||| 00| 1 AFR d
020 ## - INTERNATIONAL STANDARD BOOK NUMBER
International Standard Book Number 9780637000055
Qualifying information pbk
040 ## - CATALOGING SOURCE
Original cataloging agency RDA
Transcribing agency OCLC
041 ## - LANGUAGE CODE
Source of code A
082 ## - DEWEY DECIMAL CLASSIFICATION NUMBER
Classification number LP AF VENT
100 ## - MAIN ENTRY--PERSONAL NAME
Personal name Venter, Peet.
245 ## - TITLE STATEMENT
Title Die dooies praat nie.
Statement of responsibility, etc. By Peet Venter.
260 ## - PUBLICATION, DISTRIBUTION, ETC.
Place of publication, distribution, etc. Pretoria;
Name of publisher, distributor, etc. Lapa Uitgewers;
Date of publication, distribution, etc. 2022.
300 ## - PHYSICAL DESCRIPTION
Extent 484 pages;
Dimensions 23 cm.
520 ## - SUMMARY, ETC.
Summary, etc. Tydens ‘n swaar reënbui stop Thys Krige by ‘n Mini Cooper wat in ‘n sloot water vasgeval het. Nandia beweer dat sy wegjaag van drie mans en vra Thys om ‘n belangrike dokument vir die ondersoekende joernalis Petro de Wet te stuur. Hy het seker nie meer as ‘n uur met haar te doen gehad het nie. Toe gebeur dit: Geweld kom na hom toe. Nou bevind Thys homself weer voor die vraag: Hoe diep wil hy betrokke raak? Die dokument vra die jeug om by die “final struggle” aan te sluit en hulself só te bevry en te bemagtig. Daar word van opstand en gewapende mobilisasie gepraat, ‘n tweede Marikana. Hy kan seker onbetrokke bly wat die dokument betref, maar nie wat Nandia betref nie. Dit gaan oor verantwoordelikheid; hy moes haar beskerm het. By Petro wil hy weer veels te graag betrokke raak. Waar trek hy die lyn? Want Thys weet waarop dinge uitloop wanneer hy betrokke raak …
942 ## - ADDED ENTRY ELEMENTS
Source of classification or shelving scheme Dewey Decimal Classification
item type Book
-- 174
-- Sanet Schoeman
-- 174
-- Sanet Schoeman
Holdings
Withdrawn status Lost status Source of classification or shelving scheme Damaged status Not for loan Collection code Home library Current library Shelving location Date acquired Cost, normal purchase price Total Checkouts Full call number Barcode Date last seen Price effective from item type
    Dewey Decimal Classification     Fiction Standerton Regional Library Bethal Fiction 16.08.2024 290.50   LP AF VENT 33228031152780 16.08.2024 16.08.2024 Book
    Dewey Decimal Classification     Fiction Standerton Regional Library Secunda Fiction 16.08.2024 290.50   LP AF VENT 33228031152777 16.08.2024 16.08.2024 Book